000 00365cam a2200145ua 4500
003 OSt
008 250108b |||||||| |||| 00| 0 eng d
041 _aeng
082 _a621.384
_bSQU/RA
100 _aSquire, E M.
_96860
245 _aRadio mains supply equipment /
260 _aLondon :
_bSir Isaac Pitman & Sons Ltd ,
_c1948.
300 _a182 ; .
942 _cBK
999 _c7083
_d7083